000 00177nam a2200073Ia 4500
008 180219s9999 xx 000 0 und d
100 _aSingh U K
245 0 _aPrimary Education
260 _aNew Delhi / Discovery
999 _c41253
_d41253